TIME's Person of the Year - Statistics

General Stats
  • This quiz has been taken 84 times
  • The average score is 35 of 97
Answer Stats
Hint Answer % Correct
2016 Donald Trump
92%
1938 Adolf Hitler
90%
2008 Barack Obama
85%
2012 Barack Obama
85%
1962 Pope John XXIII
82%
1940 Winston Churchill
82%
1949 Winston Churchill
82%
1932 Franklin D. Roosevelt
80%
1934 Franklin D. Roosevelt
80%
1941 Franklin D. Roosevelt
80%
1990 George H.W. Bush
77%
2000 George W. Bush
77%
2004 George W. Bush
77%
1961 John F. Kennedy
77%
1992 Bill Clinton
74%
1998 Bill Clinton
74%
1944 Dwight D. Eisenhower
74%
1959 Dwight D. Eisenhower
74%
1939 Joseph Stalin
74%
1942 Joseph Stalin
74%
1980 Ronald Reagan
74%
1971 Richard Nixon
70%
2020 Joe Biden
69%
1964 Lyndon B. Johnson
69%
1967 Lyndon B. Johnson
69%
1933 Hugh Johnson
66%
2021 Elon Musk
61%
2007 Vladimir Putin
61%
1945 Harry S. Truman
59%
1948 Harry S. Truman
59%
1996 David Ho
54%
2013 Pope Francis
52%
1952 Elizabeth II
51%
1976 Jimmy Carter
51%
1963 Martin Luther King
46%
1987 Mikhail Gorbachev
43%
1989 Mikhail Gorbachev
43%
2022 Volodymyr Zelenskyy
43%
1958 Charles De Gaulle
39%
1993 Nelson Mandela
39%
2015 Angela Merkel
38%
2019 Greta Thunberg
38%
1930 Mathatma Gandhi
38%
1999-Person of the Century Albert Einstein
36%
2010 Mark Zuckerberg
36%
2006 You
34%
1999-Person of the Year Jeff Bezos
31%
1957 Nikita Khrushchev
31%
1994 Pope John Paul II
31%
1927 Charles Lindbergh
26%
1982 The Computer
25%
1972 Henry Kissinger
20%
1953 Konrad Adenauer
20%
1981 Lech Wałęsa
20%
1970 Willy Brandt
18%
1943 George Marshall
16%
1947 George Marshall
16%
2001 Rudy Giuliani
16%
1978 Deng Xiaoping
15%
1985 Deng Xiaoping
15%
1935 Haile Selassie
15%
1983 Yuri Andropov
15%
1937 Chiang Kai-Shek
13%
1950 The American Soldier
13%
2003 The American Soldier
13%
1977 Anwar Sadat
11%
1936 Wallis Simpson
11%
1975 American Women
10%
1979 Ayatollah Khomeini
10%
1929 Owen D. Young
10%
2014 The Ebola Fighters
10%
1928 Walter Chrysler
10%
1986 Corazon Aquino
8%
1954 John Foster Dulles
8%
1951 Mohammad Mosaddegh
8%
1991 Ted Turner
8%
1956 The Hungarian Freedom Fighter
8%
1969 The Middle Americans
8%
1965 William Westmoreland
8%
1960 American Scientists
7%
1997 Andrew Grove
7%
2009 Ben Bernanke
7%
1955 Harlow Curtice
7%
1973 John Sirica
7%
1995 Newt Gingrich
7%
1988 The Endangered Earth
7%
1966 The Inheritor
7%
2011 The Protester
7%
2017 The Silence Breakers
7%
1974 King Faisal
5%
1984 Peter Ueberroth
5%
1931 Pierre Leval
5%
1968 The Apollo 8 Astronauts
5%
2018 The Guardians and the War on Truth
5%
2002 The Whistleblowers
5%
1946 James F. Brynes
3%
2005 The Good Samaritans
2%
No matching quizzes found
Score Distribution
Percent of People with Each Score
Percentile by Number Answered
Your Score History
You have not taken this quiz